| 000 | 00747cab a2200181 4500 | ||
|---|---|---|---|
| 001 | ##L132323 | ||
| 008 | 060127n2006 000 0 eng u | ||
| 035 | _a(Sirsi) u132323 | ||
| 041 | 0 | _aeng | |
| 100 | 1 | _aMcCormick, Helen | |
| 245 | 0 | 0 | _aBalfour ends 2005 on a high |
| 260 | _c2006 | ||
| 490 | 0 |
_aContract Journal _v431(6559) 25 January 2006, 18-19(2) |
|
| 520 | _aBalfour Beatty topped the new work winners monthly league table for December. It also finished on top of the table for the whole of 2005, with Bovis Lend Lease second and Kier third. Also includes tables giving breakdown of work by geographical region and sector for last 12 months. | ||
| 590 | _aIKA310106 | ||
| 690 | _aBUILT ENVIRONMENT-CONSTRUCTION MARKET | ||
| 942 | _n0 | ||
| 999 |
_c76400 _d76400 |
||